On the Origins of Cognitive Science : The Mechanization of the Mind
Salvato in:
| Autore principale: | |
|---|---|
| Natura: | Libro |
| Lingua: | inglese |
| Pubblicazione: |
Cambridge :
The MIT Press,
2009
|
| Edizione: | 1. vyd. |
| Soggetti: | |
| Tags: |
Nessun Tag, puoi essere il primo ad aggiungerne!!
|
MARC
| LEADER | 00000nam a22000003a 4500 | ||
|---|---|---|---|
| 001 | stu192448 | ||
| 005 | 20190206134351.0 | ||
| 008 | 091014s2009----xxu-----------------eng-d | ||
| 020 | |a 978-0-262-51239-8 | ||
| 040 | |a STU |b slo | ||
| 041 | 0 | |a eng | |
| 044 | |a xxu | ||
| 100 | 1 | |a Dupuy, Jean-Pierre |4 aut | |
| 245 | 1 | |a On the Origins of Cognitive Science : |b The Mechanization of the Mind | |
| 250 | |a 1. vyd. | ||
| 260 | |a Cambridge : |b The MIT Press, |c 2009 | ||
| 300 | |a 210 s | ||
| 650 | 7 | |a kognitívna veda |2 stusub | |
| 650 | 7 | |a história |2 stusub | |
| 996 | |c I*13KV6087 |l II680 |s A |a 24 |w stu192448_0001 | ||